[Event "NVM U16 2015"]
[Site "Kiel"]
[Date "2015.09.11"]
[Round "4.1"]
[White "Tiedemann, Fin Niklas"]
[Black "Reyher, Susan"]
[Result "1-0"]
[WhiteElo "1798"]
[BlackElo "1562"]
[PlyCount "57"]
[EventDate "2015.??.??"]
[WhiteTeam "Lübecker SV von 1873"]
[BlackTeam "SV Glück auf Rüdersdorf e.V."]

1. e4 e5 2. Nc3 Bc5 3. Bc4 Nf6 4. f4 Nc6 5. Nf3 d6 6. d3 Ng4 7. Qe2 Nd4 8. Nxd4
Bxd4 9. Nd1 Qe7 10. f5 h5 11. c3 Bb6 12. Ne3 Nf6 13. Nd5 Nxd5 14. Bxd5 c6 15.
Bb3 Bd7 16. Be3 O-O-O 17. Bxb6 axb6 18. Qe3 Kc7 19. a4 Ra8 20. O-O Rh7 21. Bc4
Qf6 22. b4 c5 23. a5 bxa5 24. bxa5 g6 25. Qf2 gxf5 26. Qb2 Qg5 27. Qb6+ Kc8 28.
a6 bxa6 29. Bxa6+ 1-0

[Event "NVM U16 2015"]
[Site "Kiel"]
[Date "2015.09.11"]
[Round "4.2"]
[White "Gohlke, Tobias"]
[Black "Dörp, Max Marian"]
[Result "1-0"]
[WhiteElo "1446"]
[BlackElo "1620"]
[PlyCount "63"]
[EventDate "2015.??.??"]
[WhiteTeam "SV Glück auf Rüdersdorf e.V."]
[BlackTeam "Lübecker SV von 1873"]

1. d4 d5 2. c4 c6 3. Nc3 e6 4. Nf3 Nf6 5. Bg5 h6 6. Bh4 Be7 7. e3 O-O 8. Bd3
Nbd7 9. O-O Re8 10. Qc2 b6 11. Bg3 Bb7 12. cxd5 cxd5 13. Nb5 Rc8 14. Bc7 Ba6
15. Rac1 Bxb5 16. Bxb5 Bd6 17. Bxd8 Rxc2 18. Rxc2 Rxd8 19. Rfc1 Nf8 20. Rc8
Rxc8 21. Rxc8 a5 22. Rc6 Ne4 23. Rxb6 g5 24. Nd2 Bxh2+ 25. Kxh2 Nxd2 26. Ra6
Ng6 27. Rxa5 Nh4 28. Ra8+ Kg7 29. a4 Nf5 30. a5 Nd6 31. Rb8 Nb3 32. a6 1-0

[Event "NVM U16 2015"]
[Site "Kiel"]
[Date "2015.09.11"]
[Round "4.3"]
[White "Kroschel, Anton"]
[Black "Giese, Patrick"]
[Result "1/2-1/2"]
[WhiteElo "1494"]
[BlackElo "1569"]
[PlyCount "46"]
[EventDate "2015.??.??"]
[WhiteTeam "Lübecker SV von 1873"]
[BlackTeam "SV Glück auf Rüdersdorf e.V."]

1. Nf3 d5 2. c4 dxc4 3. e4 Nc6 4. Bxc4 e5 5. d3 Nf6 6. Nc3 Bc5 7. Bg5 Be7 8.
O-O O-O 9. h3 b6 10. Qd2 Bb7 11. Rac1 Kh8 12. Nd5 Nd4 13. Nxd4 exd4 14. Nxe7
Qxe7 15. f4 Qd7 16. Bxf6 gxf6 17. f5 Rg8 18. Qh6 Qe7 19. Rf4 Rg7 20. Rh4 Rag8
21. Kf1 Qe5 22. Rc2 Qh2 23. Rf2 Qe5 1/2-1/2

[Event "NVM U16 2015"]
[Site "Kiel"]
[Date "2015.09.11"]
[Round "4.4"]
[White "Richter, Robert"]
[Black "Stülcken, Philipp"]
[Result "0-1"]
[WhiteElo "1396"]
[BlackElo "1438"]
[PlyCount "74"]
[EventDate "2015.??.??"]
[WhiteTeam "SV Glück auf Rüdersdorf e.V."]
[BlackTeam "Lübecker SV von 1873"]

1. e4 e5 2. Nc3 Nf6 3. Bc4 Bc5 4. d3 c6 5. Nf3 d6 6. O-O O-O 7. Ne2 Bg4 8. Ng3
d5 9. exd5 cxd5 10. Bb3 e4 11. dxe4 dxe4 12. Qxd8 Rxd8 13. Ng5 Rd7 14. N5xe4
Nxe4 15. Nxe4 Bb6 16. Bf4 Nc6 17. Bg3 Rad8 18. Rfe1 Bf5 19. Nd6 Nd4 20. Rac1
Bc5 21. Nxf5 Nxf5 22. c3 Rd2 23. Rcd1 Nxg3 24. Rxd2 Rxd2 25. Re8+ Bf8 26. hxg3
Rxb2 27. Rb8 b6 28. Rb7 Bc5 29. Rxf7 Rxb3 30. Rxg7+ Kxg7 31. axb3 b5 32. Kf1 a5
33. Ke2 a4 34. bxa4 bxa4 35. Kd2 Bxf2 36. g4 a3 37. Kc2 Bc5 0-1

[Event "NVM U16 2015"]
[Site "Kiel"]
[Date "2015.09.11"]
[Round "4.1"]
[White "Stelmaszyk, Nico"]
[Black "Schmekel, Florian"]
[Result "0-1"]
[WhiteElo "1611"]
[BlackElo "1891"]
[PlyCount "156"]
[EventDate "2015.??.??"]
[WhiteTeam "SK Lehrte von 1919 e. V."]
[BlackTeam "SAV Torgelow-Drögeheide 90"]

1. e4 c5 2. c4 Nc6 3. Nc3 g6 4. g3 Bg7 5. Bg2 d6 6. h3 e6 7. Nge2 Nge7 8. d3
O-O 9. O-O b6 10. a3 Bb7 11. Rb1 a5 12. f4 Qd7 13. Kh2 f5 14. exf5 Nxf5 15. Nb5
d5 16. Nec3 Ncd4 17. Nxd4 Nxd4 18. Ne2 dxc4 19. Bxb7 Qxb7 20. Nxd4 Bxd4 21.
dxc4 e5 22. Qf3 Qxf3 23. Rxf3 Rae8 24. h4 e4 25. Rf1 e3 26. Re1 e2 27. Kg2 Re6
28. Bd2 Rd8 29. Kf3 Bg1 30. Rxg1 Rxd2 31. Rge1 h5 32. Kf2 Kf7 33. b4 axb4 34.
axb4 Rd4 35. bxc5 bxc5 36. Rxe2 Rxc4 37. Rb7+ Kf6 38. Rxe6+ Kxe6 39. Rg7 Rc2+
40. Ke3 Rc3+ 41. Kf2 Kf5 42. Rf7+ Kg4 43. Rf6 Rf3+ 44. Ke2 Rxg3 45. Rxg6+ Kxf4
46. Rc6 Re3+ 47. Kd2 Re5 48. Rg6 Ke4 49. Kc3 Kd5 50. Rg7 Ke4 51. Kc4 Kf3 52.
Rg5 Re4+ 53. Kxc5 Rxh4 54. Rf5+ Ke3 55. Rf8 Rf4 56. Rh8 h4 57. Kd5 Kf3 58. Ra8
h3 59. Ra3+ Kg2 60. Ke5 Rf2 61. Ra8 h2 62. Rg8+ Kf1 63. Rh8 Kg1 64. Ke4 h1=Q+
65. Rxh1+ Kxh1 66. Ke3 Kg2 67. Kd3 Rf4 68. Kd2 Kg3 69. Kd3 Kf3 70. Kd2 Rd4+ 71.
Kc3 Ke3 72. Kc2 Rc4+ 73. Kb3 Kd3 74. Kb2 Rb4+ 75. Ka3 Kc3 76. Ka2 Ra4+ 77. Kb1
Ra5 78. Kc1 Ra1# 0-1

[Event "NVM U16 2015"]
[Site "Kiel"]
[Date "2015.09.11"]
[Round "4.2"]
[White "Kasel, Alexander"]
[Black "Brockmeyer, Tobias"]
[Result "1/2-1/2"]
[WhiteElo "1689"]
[BlackElo "1524"]
[PlyCount "76"]
[EventDate "2015.??.??"]
[WhiteTeam "SAV Torgelow-Drögeheide 90"]
[BlackTeam "SK Lehrte von 1919 e. V."]

1. c4 c5 2. g3 g6 3. Bg2 Bg7 4. Nf3 Nc6 5. O-O Nf6 6. Nc3 O-O 7. d3 d5 8. cxd5
Nxd5 9. Bd2 Nc7 10. Rb1 Bf5 11. a3 Qd7 12. Na4 b6 13. b4 cxb4 14. axb4 Rac8 15.
Bc3 Bh3 16. Bxg7 Bxg2 17. Kxg2 Kxg7 18. Qb3 Nd4 19. Qb2 Qxa4 20. Qxd4+ f6 21.
Ra1 Qe8 22. Qb2 Ra8 23. Rfc1 Qd7 24. Nd4 Rfc8 25. f3 Ne6 26. Rxc8 Qxc8 27. Rc1
Qd7 28. Nc6 a5 29. bxa5 bxa5 30. Qa3 a4 31. Nxe7 Nd4 32. Qb2 Qxe7 33. Qxd4
Qxe2+ 34. Kg1 Qxf3 35. Qd7+ Kh8 36. Rc7 Qe3+ 37. Kg2 Qe2+ 38. Kg1 Qd1+ 1/2-1/2

[Event "NVM U16 2015"]
[Site "Kiel"]
[Date "2015.09.11"]
[Round "4.3"]
[White "Thormann, Georg"]
[Black "Trömer, Felix"]
[Result "1/2-1/2"]
[WhiteElo "1162"]
[BlackElo "1481"]
[PlyCount "95"]
[EventDate "2015.??.??"]
[WhiteTeam "SK Lehrte von 1919 e. V."]
[BlackTeam "SAV Torgelow-Drögeheide 90"]

1. e4 d5 2. exd5 Qxd5 3. Nc3 Qa5 4. Bc4 Nf6 5. d3 c6 6. Bd2 Qc7 7. Qe2 Bf5 8.
h3 h5 9. O-O-O e6 10. Nf3 Nbd7 11. Nd4 Bg6 12. g4 hxg4 13. hxg4 Rxh1 14. Rxh1
O-O-O 15. f4 Nb6 16. Nb3 Nxc4 17. dxc4 Bd6 18. Rf1 Rh8 19. f5 exf5 20. gxf5 Rh2
21. Qd3 Bh5 22. Ne4 Be2 23. Nxd6+ Kb8 24. Qd4 Bxf1 25. Bf4 Rh1 26. Nxf7 Be2+
27. Kd2 Rd1+ 28. Ke3 Rxd4 29. Bxc7+ Kxc7 30. Nxd4 Bxc4 31. Ne5 Bg8 32. Kf4 Kd6
33. Ng4 Nxg4 34. Kxg4 Ke5 35. Nf3+ Kf6 36. b3 Bd5 37. Nd2 g6 38. fxg6 Kxg6 39.
Kf4 Kf6 40. Ne4+ Bxe4 41. Kxe4 Ke6 42. a3 b6 43. c4 c5 44. b4 a6 45. bxc5 bxc5
46. a4 a5 47. Kf4 Kf6 48. Ke4 1/2-1/2

[Event "NVM U16 2015"]
[Site "Kiel"]
[Date "2015.09.11"]
[Round "4.4"]
[White "Bollnow, Alex"]
[Black "Meiwes, Thore"]
[Result "1-0"]
[WhiteElo "1353"]
[BlackElo "1217"]
[PlyCount "89"]
[EventDate "2015.??.??"]
[WhiteTeam "SAV Torgelow-Drögeheide 90"]
[BlackTeam "SK Lehrte von 1919 e. V."]

1. e4 c5 2. Nf3 Nc6 3. d4 cxd4 4. Nxd4 g6 5. Nc3 Bg7 6. Be3 Nf6 7. Bc4 O-O 8.
Bb3 Qa5 9. O-O d6 10. f3 Bd7 11. Qd2 Rac8 12. Rad1 Qd8 13. Nde2 a6 14. Bh6 Na5
15. Bxg7 Kxg7 16. Nd5 Nxb3 17. cxb3 Nxd5 18. Qxd5 Bc6 19. Qd4+ Kg8 20. Nc3 Rc7
21. Rc1 Qd7 22. Nd5 Bxd5 23. Qxd5 Rfc8 24. Qd2 Rxc1 25. Rxc1 Rxc1+ 26. Qxc1 Qc6
27. Qxc6 bxc6 28. Kf2 Kf8 29. Ke3 e6 30. f4 Ke7 31. g4 d5 32. b4 Kd6 33. a3 c5
34. bxc5+ Kxc5 35. b3 f5 36. exf5 exf5 37. gxf5 gxf5 38. h3 h6 39. h4 h5 40.
Kd3 d4 41. b4+ Kd5 42. a4 Kd6 43. Kxd4 Ke6 44. Kc5 Kd7 45. Kd5 1-0

[Event "NVM U16 2015"]
[Site "Kiel"]
[Date "2015.09.11"]
[Round "4.1"]
[White "Stockmann, Till"]
[Black "Andresen, Marc"]
[Result "1-0"]
[WhiteElo "1508"]
[BlackElo "1417"]
[PlyCount "71"]
[EventDate "2015.??.??"]
[WhiteTeam "VfL Gräfenhainichen"]
[BlackTeam "SC Caissa Falkensee e.V."]

1. e4 c5 2. Nf3 Nc6 3. d4 cxd4 4. Nxd4 d6 5. Nc3 Nf6 6. Bc4 g6 7. Be3 Bg7 8.
Nb3 O-O 9. O-O Qc7 10. Qd2 Ng4 11. Bf4 Be5 12. h3 Bxf4 13. Qxf4 Nce5 14. Be2
Nf6 15. Qg3 Bd7 16. f4 Nc4 17. Rab1 Qb6+ 18. Kh1 Ne3 19. Rfc1 Bc6 20. Bd3 d5
21. Re1 d4 22. Ne2 Nxe4 23. Bxe4 Bxe4 24. Nexd4 Nf5 25. Nxf5 Bxf5 26. Rbc1 e6
27. c3 Qa6 28. Ra1 Rfd8 29. Qe3 Qc6 30. Nd4 Qd5 31. Qe5 Qd7 32. Re3 h5 33. Rg1
Qe7 34. Kh2 Rac8 35. Nxf5 gxf5 36. Rg3+ 1-0

[Event "NVM U16 2015"]
[Site "Kiel"]
[Date "2015.09.11"]
[Round "4.2"]
[White "Lubanski, Jacob"]
[Black "Richter, Philipp"]
[Result "0-1"]
[WhiteElo "1199"]
[BlackElo "1496"]
[PlyCount "68"]
[EventDate "2015.??.??"]
[WhiteTeam "SC Caissa Falkensee e.V."]
[BlackTeam "VfL Gräfenhainichen"]

1. e4 e5 2. Nf3 Nc6 3. Bc4 Bc5 4. Nc3 Nf6 5. d3 d6 6. Bg5 h6 7. Bh4 Bg4 8. h3
Bxf3 9. gxf3 Na5 10. Nd5 g5 11. Bg3 Nxc4 12. dxc4 c6 13. Ne3 Bxe3 14. fxe3 Ke7
15. h4 Qb6 16. Qd3 Qxb2 17. Rd1 Qb4+ 18. Ke2 Rad8 19. Rb1 Qc5 20. Rxb7+ Ke6 21.
f4 gxf4 22. exf4 exf4 23. Bxf4 Rhg8 24. Rh2 Nh5 25. Qh3+ Kf6 26. Qc3+ Ke6 27.
Qh3+ Kf6 28. e5+ dxe5 29. Bg5+ hxg5 30. Rxf7+ Kxf7 31. Qf5+ Nf6 32. hxg5 Qxc4+
33. Ke1 Qe4+ 34. Qxe4 Nxe4 0-1

[Event "NVM U16 2015"]
[Site "Kiel"]
[Date "2015.09.11"]
[Round "4.3"]
[White "Koppe, Carl"]
[Black "Seitz, Manuel"]
[Result "1-0"]
[WhiteElo "1479"]
[BlackElo "1085"]
[PlyCount "81"]
[EventDate "2015.??.??"]
[WhiteTeam "VfL Gräfenhainichen"]
[BlackTeam "SC Caissa Falkensee e.V."]

1. e4 e5 2. Nf3 Nc6 3. Bb5 d6 4. d3 Nf6 5. c3 Bd7 6. Be3 a6 7. Ba4 d5 8. Nbd2
Bd6 9. O-O O-O 10. Bg5 Be7 11. Bxc6 Bxc6 12. Nxe5 dxe4 13. Nxc6 bxc6 14. Bxf6
Bxf6 15. Nxe4 Be7 16. d4 Re8 17. Re1 Rb8 18. Rb1 Qd5 19. a3 Rb6 20. Qd3 Qa2 21.
Qc2 Bxa3 22. Nf6+ gxf6 23. Rxe8+ Kg7 24. Re2 Qc4 25. Qe4 Qa2 26. b4 Qc4 27. Qc2
h6 28. Qa2 Qd3 29. Qc2 Qc4 30. Ra1 Bxb4 31. cxb4 Qxd4 32. Ree1 Qxb4 33. Rab1
Qa5 34. Rec1 c5 35. Ra1 Qb4 36. Qxc5 Qd2 37. Qxc7 Rb2 38. Qg3+ Kf8 39. Qe3 Qd6
40. Qxh6+ Kg8 41. Rc8+ 1-0

[Event "NVM U16 2015"]
[Site "Kiel"]
[Date "2015.09.11"]
[Round "4.4"]
[White "Jungandreas, Tillmann"]
[Black "Wilhelm, Dominik"]
[Result "1-0"]
[WhiteElo "1209"]
[BlackElo "1193"]
[PlyCount "53"]
[EventDate "2015.??.??"]
[WhiteTeam "SC Caissa Falkensee e.V."]
[BlackTeam "VfL Gräfenhainichen"]

1. e4 c6 2. f4 d5 3. e5 Bf5 4. d4 e6 5. Nf3 Nd7 6. Bd3 Ne7 7. Nc3 Bxd3 8. Qxd3
Nf5 9. Bd2 Bb4 10. a3 Be7 11. g4 Nh4 12. g5 Nf5 13. Ne2 h6 14. h4 g6 15. Kf2 a6
16. Ng3 Ng7 17. h5 Nf8 18. hxg6 Nxg6 19. Rxh6 Rxh6 20. gxh6 Nh5 21. Nxh5 Bh4+
22. Ke2 Ke7 23. Rh1 Qh8 24. Bb4+ Kd7 25. Nxh4 Nxh4 26. Rxh4 Kc8 27. Qg3 1-0